000 00340nam a2200133Ia 4500
008 240624s9999 xx 000 0 und d
041 _aeng
082 _a745.2 BER
100 _aBERGER WARREN
245 _aCAD MONKEYS DINOSAUR BABIES AND T SHAPED
260 _c2010
_aNew York
_bPenguin Books
300 _a342 p.; 23 cm.
365 _c
_b38
999 _c30478
_d30478